=LDR 00000nam 2200000 4500 =001 INLIS000000000029959 =005 20171207093404 =035 ##$$a 0010-061300000029959 =008 171207###########################0#ind## =041 ##$$a ind =082 ##$$a 375 =090 ##$$a 375, Mal i =100 ##$$a Malik, A =245 1#$$a Inovasi kurikulum berbasis lokal di pondok persantren /$c A. Malik =260 ##$$a Balai Penelitian dan Pengembangan Agama :$b jakarta,$c 2008 =300 ##$$a xxxiii, 142 hlm ; $c 21 cm. =650 ##$$a Kurikulum =850 ##$$a NBPNMAT =020 ##$$a 979-979-9099-50-1 =084 ##$$a 375 Mal i =990 ##$$a 1325513255 =990 ##$$a 30802403/Hd-08